Obchodné tajomstvo - ekonomické a právne aspekty diplomová práca

Uložené v:
Podrobná bibliografia
Hlavný autor: Lešták, Tomáš
Korporativný autor: Obchodná fakulta EU. Katedra obchodného práva
Ďalší autori: Kropaj, Marián, 1983-
Médium: Kniha
Jazyk:Slovak
Vydavateľské údaje: Bratislava 2019
Tagy: Pridať tag
Žiadne tagy, Buďte prvý, kto otaguje tento záznam!

MARC

LEADER 00000nbm a2200000 4500
001 0253939
005 20191108122045.8
041 0 |a slo 
044 |a SK 
245 1 0 |a Obchodné tajomstvo - ekonomické a právne aspekty  |b diplomová práca  |c Tomáš Lešták ; školiteľ: Marian Kropaj 
264 1 |a Bratislava  |c 2019 
300 |a 55 s. 
100 1 |a Lešták, Tomáš 
700 1 |a Kropaj, Marián, 1983- 
710 2 |a Obchodná fakulta EU. Katedra obchodného práva